<?xml version="1.0" encoding="UTF-8"?>
<collection xmlns="http://www.loc.gov/MARC21/slim">
 <record>
  <leader>02881cam a2200589 c 4500</leader>
  <controlfield tag="001">1809076439</controlfield>
  <controlfield tag="003">DE-627</controlfield>
  <controlfield tag="005">20251226202914.0</controlfield>
  <controlfield tag="007">tu</controlfield>
  <controlfield tag="008">220704s2022    sp |||||      00| ||spa c</controlfield>
  <datafield tag="020" ind1=" " ind2=" ">
   <subfield code="a">9788437644400</subfield>
   <subfield code="q"> : (24.95 EUR)</subfield>
   <subfield code="9">978-84-376-4440-0</subfield>
  </datafield>
  <datafield tag="035" ind1=" " ind2=" ">
   <subfield code="a">(DE-627)1809076439</subfield>
  </datafield>
  <datafield tag="035" ind1=" " ind2=" ">
   <subfield code="a">(DE-599)KXP1809076439</subfield>
  </datafield>
  <datafield tag="035" ind1=" " ind2=" ">
   <subfield code="a">(OCoLC)1342152844</subfield>
  </datafield>
  <datafield tag="035" ind1=" " ind2=" ">
   <subfield code="a">(ZDB-21-EIL)5281757</subfield>
  </datafield>
  <datafield tag="040" ind1=" " ind2=" ">
   <subfield code="a">DE-627</subfield>
   <subfield code="b">ger</subfield>
   <subfield code="c">DE-627</subfield>
   <subfield code="e">rda</subfield>
  </datafield>
  <datafield tag="041" ind1=" " ind2=" ">
   <subfield code="a">spa</subfield>
  </datafield>
  <datafield tag="044" ind1=" " ind2=" ">
   <subfield code="c">XA-ES</subfield>
  </datafield>
  <datafield tag="050" ind1=" " ind2="0">
   <subfield code="a">N</subfield>
  </datafield>
  <datafield tag="082" ind1="0" ind2=" ">
   <subfield code="a">701</subfield>
  </datafield>
  <datafield tag="084" ind1=" " ind2=" ">
   <subfield code="a">KUNST</subfield>
   <subfield code="q">DE-16</subfield>
   <subfield code="2">fid</subfield>
  </datafield>
  <datafield tag="084" ind1=" " ind2=" ">
   <subfield code="a">20.00</subfield>
   <subfield code="2">bkl</subfield>
  </datafield>
  <datafield tag="100" ind1="1" ind2=" ">
   <subfield code="a">Bernárdez Sanchís, Carmen</subfield>
   <subfield code="d">1954-2018</subfield>
   <subfield code="e">VerfasserIn</subfield>
   <subfield code="0">(DE-588)13184752X</subfield>
   <subfield code="0">(DE-627)515801968</subfield>
   <subfield code="0">(DE-576)298791595</subfield>
   <subfield code="4">aut</subfield>
  </datafield>
  <datafield tag="245" ind1="1" ind2="0">
   <subfield code="a">Materialidad y técnica</subfield>
   <subfield code="b">una aproximación cultural a la práctica artística occidental</subfield>
   <subfield code="c">Carmen Bernárdez y Jesusa Vega ; con la colaboración de Azucena Hernández y Pedro Marín</subfield>
  </datafield>
  <datafield tag="250" ind1=" " ind2=" ">
   <subfield code="a">1.a edición</subfield>
  </datafield>
  <datafield tag="264" ind1=" " ind2="1">
   <subfield code="a">Madrid</subfield>
   <subfield code="b">Ediciones Cátedra</subfield>
   <subfield code="c">2022</subfield>
  </datafield>
  <datafield tag="300" ind1=" " ind2=" ">
   <subfield code="a">537 Seiten</subfield>
   <subfield code="b">Illustrationen</subfield>
   <subfield code="c">24 cm</subfield>
  </datafield>
  <datafield tag="336" ind1=" " ind2=" ">
   <subfield code="a">Text</subfield>
   <subfield code="b">txt</subfield>
   <subfield code="2">rdacontent</subfield>
  </datafield>
  <datafield tag="337" ind1=" " ind2=" ">
   <subfield code="a">ohne Hilfsmittel zu benutzen</subfield>
   <subfield code="b">n</subfield>
   <subfield code="2">rdamedia</subfield>
  </datafield>
  <datafield tag="338" ind1=" " ind2=" ">
   <subfield code="a">Band</subfield>
   <subfield code="b">nc</subfield>
   <subfield code="2">rdacarrier</subfield>
  </datafield>
  <datafield tag="490" ind1="0" ind2=" ">
   <subfield code="a">Grandes temas</subfield>
  </datafield>
  <datafield tag="500" ind1=" " ind2=" ">
   <subfield code="a">Includes bibliographical references (pages 477-493) and index</subfield>
  </datafield>
  <datafield tag="583" ind1="1" ind2=" ">
   <subfield code="a">Archivierung/Langzeitarchivierung gewährleistet</subfield>
   <subfield code="f">FID</subfield>
   <subfield code="x">XA-DE-BW</subfield>
   <subfield code="2">pdager</subfield>
   <subfield code="5">DE-16</subfield>
  </datafield>
  <datafield tag="689" ind1="0" ind2="0">
   <subfield code="d">s</subfield>
   <subfield code="0">(DE-588)4304079-2</subfield>
   <subfield code="0">(DE-627)121632881</subfield>
   <subfield code="0">(DE-576)211064475</subfield>
   <subfield code="a">Künstlerisches Material</subfield>
   <subfield code="2">gnd</subfield>
  </datafield>
  <datafield tag="689" ind1="0" ind2="1">
   <subfield code="d">s</subfield>
   <subfield code="0">(DE-588)4165888-7</subfield>
   <subfield code="0">(DE-627)105436798</subfield>
   <subfield code="0">(DE-576)209898526</subfield>
   <subfield code="a">Künstlerische Technik</subfield>
   <subfield code="2">gnd</subfield>
  </datafield>
  <datafield tag="689" ind1="0" ind2="2">
   <subfield code="d">s</subfield>
   <subfield code="0">(DE-588)4114333-4</subfield>
   <subfield code="0">(DE-627)105822957</subfield>
   <subfield code="0">(DE-576)209483733</subfield>
   <subfield code="a">Kunst</subfield>
   <subfield code="2">gnd</subfield>
  </datafield>
  <datafield tag="689" ind1="0" ind2="3">
   <subfield code="a">z</subfield>
   <subfield code="2">gnd</subfield>
   <subfield code="a">Geschichte</subfield>
  </datafield>
  <datafield tag="689" ind1="0" ind2=" ">
   <subfield code="5">(DE-627)</subfield>
  </datafield>
  <datafield tag="700" ind1="1" ind2=" ">
   <subfield code="a">Vega, Jesusa</subfield>
   <subfield code="d">1957-</subfield>
   <subfield code="e">VerfasserIn</subfield>
   <subfield code="0">(DE-588)188459316</subfield>
   <subfield code="0">(DE-627)704743450</subfield>
   <subfield code="0">(DE-576)353269522</subfield>
   <subfield code="4">aut</subfield>
  </datafield>
  <datafield tag="700" ind1="1" ind2=" ">
   <subfield code="a">Hernández Pérez, Azucena</subfield>
   <subfield code="d">1956-</subfield>
   <subfield code="e">MitwirkendeR</subfield>
   <subfield code="0">(DE-588)1171835086</subfield>
   <subfield code="0">(DE-627)1040725856</subfield>
   <subfield code="0">(DE-576)513870296</subfield>
   <subfield code="4">ctb</subfield>
  </datafield>
  <datafield tag="700" ind1="1" ind2=" ">
   <subfield code="a">Marín, Pedro</subfield>
   <subfield code="e">MitwirkendeR</subfield>
   <subfield code="4">ctb</subfield>
  </datafield>
  <datafield tag="787" ind1="0" ind2="8">
   <subfield code="i">Rezensiert in</subfield>
   <subfield code="a">Arnaldo, Javier, 1959 - </subfield>
   <subfield code="t">[Rezension von: Carmen Bernárdez, Jesusa Vega, Materialidad y técnica. Una aproximación cultural a la práctica artística occidental]</subfield>
   <subfield code="d">2022</subfield>
   <subfield code="w">(DE-627)1925868745</subfield>
  </datafield>
  <datafield tag="787" ind1="0" ind2="8">
   <subfield code="i">Rezensiert in</subfield>
   <subfield code="a">Molina, Álvaro</subfield>
   <subfield code="t">[Rezension von: Carmen Bernárdez y Jesusa Vega, Materialidad y técnica. Una aproximación cultural a la práctica artística occidental]</subfield>
   <subfield code="d">2023</subfield>
   <subfield code="w">(DE-627)1927975166</subfield>
  </datafield>
  <datafield tag="856" ind1="4" ind2="2">
   <subfield code="u">https://swbplus.bsz-bw.de/bsz1809076439inh.htm</subfield>
   <subfield code="m">V:DE-576</subfield>
   <subfield code="m">B:DE-16</subfield>
   <subfield code="v">20221217193418</subfield>
   <subfield code="3">Inhaltsverzeichnis</subfield>
   <subfield code="7">1</subfield>
  </datafield>
  <datafield tag="936" ind1="b" ind2="k">
   <subfield code="a">20.00</subfield>
   <subfield code="j">Kunstwissenschaften: Allgemeines</subfield>
   <subfield code="0">(DE-627)106406493</subfield>
  </datafield>
  <datafield tag="951" ind1=" " ind2=" ">
   <subfield code="a">BO</subfield>
  </datafield>
  <datafield tag="990" ind1=" " ind2=" ">
   <subfield code="a">Künstlerisches Material</subfield>
  </datafield>
  <datafield tag="990" ind1=" " ind2=" ">
   <subfield code="a">Künstlerische Technik</subfield>
  </datafield>
  <datafield tag="990" ind1=" " ind2=" ">
   <subfield code="a">Kunst</subfield>
  </datafield>
  <datafield tag="990" ind1=" " ind2=" ">
   <subfield code="a">Geschichte</subfield>
  </datafield>
  <datafield tag="991" ind1=" " ind2=" ">
   <subfield code="a">Rezensiertes Werk</subfield>
  </datafield>
  <datafield tag="999" ind1=" " ind2=" ">
   <subfield code="a">KXP-PPN1809076439</subfield>
   <subfield code="e">4933961832</subfield>
  </datafield>
 </record>
</collection>
